2023-24 NHL PLAYER BY PICTURE #8 - Statistics

General Stats
  • This quiz has been taken 168 times
  • The average score is 10 of 16
Answer Stats
Picture Answer % Correct
Leon Draisaitl
96%
David Pastrnak
92%
Drew Doughty
84%
Jamie Benn
84%
Dylan Larkin
75%
Igor Shesterkin
70%
Evan Bouchard
66%
Chris Kreider
64%
Roope Hintz
64%
Mason McTavish
63%
William Karlsson
62%
Travis Konecny
55%
Logan Couture
50%
Michael Bunting
40%
Jake Sanderson
36%
Trevor Moore
32%
No matching quizzes found
Score Distribution
Percent of People with Each Score
Percentile by Number Answered
Your Score History
You have not taken this quiz